| 000 | 00519nam a22001697a 4500 | ||
|---|---|---|---|
| 003 | NUST | ||
| 038 | _aNusrat Nadeem | ||
| 082 | _a200 | ||
| 100 |
_aMuzaffar, Aamna _9120897 |
||
| 245 |
_aFactors Confronting Green Finance in Pakistan/ _cAamna Muzaffar, |
||
| 264 |
_aIslamabad, _bS3H NUST, _c2023. |
||
| 300 |
_aill: _b84,p: _c30,cm. |
||
| 650 |
_aMS-Economics _9123068 |
||
| 700 |
_aSupervisor: Dr. Iftikhar Hussain Adil _9120214 |
||
| 856 | _uhttp://10.250.8.41:8080/xmlui/handle/123456789/42181 | ||
| 942 |
_2ddc _cSC |
||
| 999 |
_c607928 _d607928 |
||